India's newspaper revolution : (Record no. 33638)

MARC details
000 -LEADER
fixed length control field 02067cam a2200361 a 4500
005 - DATE AND TIME OF LATEST TRANSACTION
control field 20050118210120.0
008 - FIXED-LENGTH DATA ELEMENTS--GENERAL INFORMATION
fixed length control field 991119s2000 nyuab b 001 0 eng
010 ## - LCCN (DPL NO)
LC control number ENG-95842 B-425568-569
020 ## - INTERNATIONAL STANDARD BOOK NUMBER
International Standard Book Number 9780198065463
Terms of availability 345.00
020 ## - INTERNATIONAL STANDARD BOOK NUMBER
International Standard Book Number 0198065469
Terms of availability 345.00
035 ## - SYSTEM CONTROL NUMBER
System control number EN-79375 B-425568-569
037 ## - SOURCE OF ACQUISITION
Source of stock number/acquisition DBAD/PUB
037 ## - SOURCE OF ACQUISITION
Source of stock number/acquisition RBC/VEN
040 ## - CATALOGING SOURCE
Original cataloging agency DPL
Language of cataloging eng
082 ## - DEWEY DECIMAL CLASSIFICATION NUMBER
Classification number 079.5409045
Edition number 21
100 ## - MAIN ENTRY--PERSONAL NAME
Personal name Jeffrey, Robin
9 (RLIN) 27765
245 ## - TITLE STATEMENT
Title India's newspaper revolution :
Remainder of title capitalism, politics, and the Indian-language press /
Statement of responsibility, etc by Robin Jeffrey
250 ## - EDITION STATEMENT
Edition statement 3rd ed
260 ## - PUBLICATION, DISTRIBUTION, ETC. (IMPRINT)
Place of publication, distribution, etc New Delhi
Name of publisher, distributor, etc Oxford University Press
Date of publication, distribution, etc 2010
270 ## - ADDRESS
Address YMCA Library Building, Jai Singh Road,
City New Delhi
Postal code 110001
300 ## - PHYSICAL DESCRIPTION
Extent xlv, 273 p. :
Other physical details ill., maps
Dimensions 23 cm.(pbk)
500 ## - GENERAL NOTE
General note Includes bibliographical references and index
650 ## - SUBJECT ADDED ENTRY--TOPICAL TERM
Topical term or geographic name as entry element Indic newspapers
General subdivision History
Chronological subdivision 20th century.
9 (RLIN) 27766
650 ## - SUBJECT ADDED ENTRY--TOPICAL TERM
Topical term or geographic name as entry element Press
Geographic subdivision India
General subdivision History
Chronological subdivision 20th century.
9 (RLIN) 27767
856 ## - ELECTRONIC LOCATION AND ACCESS
Uniform Resource Identifier <a href="http://www.loc.gov/catdir/description/hol057/99059133.html">http://www.loc.gov/catdir/description/hol057/99059133.html</a>
856 ## - ELECTRONIC LOCATION AND ACCESS
Uniform Resource Identifier <a href="http://www.loc.gov/catdir/toc/hol053/99059133.html">http://www.loc.gov/catdir/toc/hol053/99059133.html</a>
942 ## - ADDED ENTRY ELEMENTS (KOHA)
Source of classification or shelving scheme Dewey Decimal Classification
Item type English Books
Classification part 079.5409045
Call number suffix JEF
Holdings
Withdrawn status Lost status Source of classification or shelving scheme Damaged status Not for loan Collection code Home library Current library Date acquired Source of acquisition Cost, normal purchase price Total Checkouts Full call number Barcode Date last seen Copy number Cost, replacement price Koha item type Total Renewals
    Dewey Decimal Classification     Non-fiction Central Library Central Library 06/05/2011 RBC/22493/23.3.11/76/4.3.11/25.3.11 345.00 6 079.5409045 JEF B-425568 23/10/2023 1 345.00 English Books 2
    Dewey Decimal Classification   Not For Loan Non-fiction D.B.Act.Division D.B.Act.Division 16/01/2010 DBAD/PUB 345.00   079.5409045 JEF EN-79375 16/01/2010 1 345.00 English Books  
    Dewey Decimal Classification     Non-fiction Sarojini Nagar Sarojini Nagar 06/05/2011 RBC/22493/23.3.11/76/4.3.11/25.3.11 345.00 2 079.5409045 JEF B-425569 24/02/2021 1 345.00 English Books 2

© Delhi Public Library
Hit Counter
free hit counter